Régimen de facilidades de pago. Resolución general 4477 (Registro nro. 35021)

Detalles MARC
000 -LEADER
fixed length control field 00321 a2200109 4500
001 - CONTROL NUMBER
control field ART_49255
005 - DATE AND TIME OF LATEST TRANSACTION
control field 20260410162042.0
008 - FIXED-LENGTH DATA ELEMENTS--GENERAL INFORMATION
fixed length control field 260409a
100 1# - MAIN ENTRY--PERSONAL NAME
Personal name Baldo, Alberto
245 10 - TITLE STATEMENT
Title Régimen de facilidades de pago. Resolución general 4477
773 0# - HOST ITEM ENTRY
Title Impuestos
Related parts - N°54 (jun. 2019)
Record control number REV45175

No hay ítems disponibles.